000 00807ntm a22002297a 4500
005 20170813145734.0
008 170802s2014 xx a frb 000 0 eng d
040 _aEG-ScBUE
_beng
_cEG-ScBUE
082 0 4 _222
_a624
_bFAH
100 1 _aEl-Fahmy, Abdallah.
245 1 0 _aFuzzy pattern identifier for a mdof system under earthquake exciatation /
_cAbdallah El-Fahmy.
260 _c2014.
300 _axvii, 81 p. :
_bill. (col.) ;
_c28 cm.
500 _aA dissertation submitted to the Faculty of engineering, the British University in Egypt, in the requirements for the bachelor degree in civil engineering.
590 _amanar
650 7 _2BUEsh
_vProjects
_aCivil Engineering
653 _bENGCIV
_cAugust2017
655 _vSPRO
700 1 _eths
_aHassan, Maguid.
777 _ASPRO
942 _2ddc
999 _c25380
_d25352